Vzdelávanie - kľúčový faktor rozvoja a kvality ľudského kapitálu

Ľudský kapitál (zamestnanci) ako kľúčová zložka úspešného fungovania podniku. Intelektuálny kapitál. Vzdelanie ako dominantný činiteľ ovplyvňujúci kvalitu ľudského kapitálu. Stratégia Európa 2020 a jej ciele v oblasti vzdelávania. Národný program rozvoja výchovy a vzdelávania Kvalitné a dostupné vzd...

ver descrição completa

Na minha lista:
Detalhes bibliográficos
Autor principal: Bukovová, Sylvia, 1959-
Formato: Capítulo de Livro
Idioma:eslovaco
Assuntos:
Tags: Adicionar Tag
Sem tags, seja o primeiro a adicionar uma tag!

MARC

LEADER 00000naa$a2200000$$$4500
001 0260765
005 20240502074131.8
041 0 |a slo 
044 |a SK 
245 1 0 |a Vzdelávanie - kľúčový faktor rozvoja a kvality ľudského kapitálu  |c Sylvia Bukovová 
520 |a Ľudský kapitál (zamestnanci) ako kľúčová zložka úspešného fungovania podniku. Intelektuálny kapitál. Vzdelanie ako dominantný činiteľ ovplyvňujúci kvalitu ľudského kapitálu. Stratégia Európa 2020 a jej ciele v oblasti vzdelávania. Národný program rozvoja výchovy a vzdelávania Kvalitné a dostupné vzdelanie pre Slovensko. 
610 2 0 |a kapitál ľudský 
610 2 0 |a kapitál intelektuálny 
610 2 0 |a vzdelávanie 
610 2 0 |a kvalita 
610 2 0 |a školy základné 
610 2 0 |a školy stredné 
610 2 0 |a školy vysoké 
610 2 0 |a žiaci 
610 2 0 |a študenti 
610 2 0 |a učitelia 
610 2 0 |a štatistika 
610 2 0 |a Slovensko 
610 2 0 |a Európska únia 
100 1 |a Bukovová, Sylvia, 1959-